000 00594nam a22001817a 4500
008 150605b xxu||||| |||| 00| 0 eng d
020 _a9780071634526
041 0 _aeng
080 _a 658
100 1 _aDiamond, Linda Eve.
245 1 0 _aPerfect phrases for writing company announcements :
_cLinda Eve Diamond and Harriet Diamond.
260 _aNew York :
_bMcGraw-Hill,
_c2010.
300 _a209 f. ;
_c21 cm.
650 0 _aKomunikim
650 0 _aBiznesi
700 1 _aDiamond, Harriet.
942 _2udc
_cBK
999 _c996
_d996